000 00270nam a2200109Ia 4500
008 200302s9999 xx 000 0 und d
100 _aJohn L. Fetters
245 _aThe HandBook of Lighting Surveys and Audits
260 _bCRC Press
260 _c1998
300 _a155 P.,
999 _c1421
_d1421